Responses for show #141 - Monday, March 25, 1985

Steve Rogitz game 2.

Contestants

Debbi Holzinger, a naval lieutenant from San Diego, California

Lonny Gulden, a sales manager from Eden Prairie, Minnesota

Steve Rogitz, a letter carrier from Gardena, California (whose 1-day cash winnings total $11,999)

Jeopardy! Round responses

EASY MATH
FOOD FACTS
QUOTE, UNQUOTE
EGYPT
CRIME & PUNISHMENT
"BROWNS"
    $100 17
zero

Steve
    $100 1
calories

Steve
    $100 4
(Lonny: What's Macbeth?)
(Steve: What is Much Ado About Nothing?)

Hamlet

SteveLonnyDebbi
    $100 5
Omar Sharif

Debbi
    $100 14
license plates

Steve
    $200 18
(Alex: [Before reading clue] With less than a minute to go in the round.)

a hundred

Steve
    $200 2
Asia

Steve
    $200 8
a stone wall

Steve
    $500 6
[Marching music begins playing before Alex reads the clue.]

Aida

Debbi
    $200 15
(Debbi: What were horses?)

dogs

SteveDebbi
    $300 19
.75

Lonny
    $300 3
(Steve: What is eating?)

curing

Steve
Triple Stumper
    $300 9
Andy Warhol

Steve
    $300 7
Sadat

Steve
    $300 16
(Steve: What is the USSR?)

the United States

SteveLonny
    $400 20
10

Steve
    $400 12
Cordon Bleu

Debbi
    $400 10
Gloria Steinem

Steve
    $400 22
(Debbi: Who is Tutankhamun?)

Muhammad Ali

SteveDebbi
    $500 21
15

Debbi
    $500 13
(Steve: [No response])

the green revolution

Steve
Triple Stumper
    $500 11
(Lonny: It's female.)
[Laughter]
(Debbi: What is [*]?]
(Alex: Yes, indeed, eventually it becomes cat. You get control of the board once again. You're in the lead with $1,200. Where do we go, Deb?)

it grows to a cat

LonnyDebbi
    $500 23
[The end-of-round signal sounds.]

cocaine

Lonny

Scores at the first commercial break (after clue 6):

Steve Lonny Debbi
-$100 -$100 $700

Scores at the end of the Jeopardy! Round:

Steve Lonny Debbi
$1,700 $500 $1,500

Double Jeopardy! Round responses

PRESIDENTS
ROCKS & MINERALS
MOVIE TRIVIA
SOCIAL STUDIES
MAMMALS
AMERICAN LITERATURE
    $200 1
(Steve: Who is Jimmy Carter?)

Gerald Ford

SteveDebbi
    $200 22
Flint

Steve
    $200 3
(Debbi: What is Broadway?)

the Maltese Falcon

SteveDebbi
    $200 18
a fad

Steve
    $200 2
bats

Steve
    $200 8
bullfighting

Steve
    $400 14
the vice-presidency

Debbi
    $400 4
Abe Lincoln

Steve
    $400 19
a citizen

Steve
    $400 15
a cottontail

Steve
    $400 9
Webster

Steve
    $600 16
Teddy Roosevelt

Steve
    $600 5
(Steve: [No response])
(Lonny: What is La Cage aux Folles?)

Ghostbusters

SteveLonny
Triple Stumper
    $600 20
(Steve: What is a nucleus?)
...
(Alex: What is [*]? [*]. Sorry that cost you, Steve, you're still in control of the board and we've got about a minute to go in the round.)

the nuclear family

Steve
Triple Stumper
    $600 24
wolves

Steve
    $600 10
Edna Ferber

Steve
    $800 17
Woodrow Wilson

Steve
    $800 6
smile

Steve
    $800 21
business class or middle class (merchant class accepted)

Debbi
    $800 25
(Lonny: What is a crocodile?)
(Debbi: What is a... [Smacks head] I don't know?)
[The end-of-round signal sounds.]

a hippo

SteveLonnyDebbi
    $800 11
(Steve: Who is he who waits?)

the Archbishop

Steve
Triple Stumper
    $1000 12
Wendell Willkie

Steve
    $1,500 7
the Redgraves

Steve
    $1000 23
culture shock

Debbi
    $1000 13
(Richard) Brautigan

Steve

Scores at the end of the Double Jeopardy! Round:

Steve Lonny Debbi
$9,800 -$900 $2,900
(lock game)

[wagering suggestions for these scores]

Final Jeopardy! Round responses

BUSINESS & INDUSTRY
[NOTE: Debbi's pen stopped working and only wrote down "What is General". Alex had her give her response verbally and she said "Who is [*]?"]
DebbiWhat is General Mills?
$2,500
SteveWhat is General Mills?
$4,000
General Mills

Final scores:

Steve Lonny Debbi
$13,800 -$900 $5,400
2-day champion: $25,799 3rd place: a recliner 2nd place: a stackable washer and drier & an answering machine

Game dynamics:

Coryat scores:

Steve Lonny Debbi
$9,300 -$900 $2,600
30 R
(including 1 DD),
8 W
3 R,
4 W
10 R
(including 1 DD),
4 W

Combined Coryat: $11,000

The J! Archive is created by fans, for fans. The Jeopardy! game show and all elements thereof, including but not limited to copyright and trademark thereto, are the property of Jeopardy Productions, Inc. and are protected under law. This website is not affiliated with, sponsored by, or operated by Jeopardy Productions, Inc. Join the discussion at JBoard.tv.